000 00865nam a22002417a 4500
005 20170124110157.0
010 _aB-160685
020 _c00.00
_a8124602468
035 _aB-160685
037 _bCen Lib/Ret
040 _aDPL
_bEN
082 _a133.323
_bALT
100 _aAltekar, Rahul Vishwas
_935364
245 _aVāstuśāstra :
_cby Rahul Vishwas Altekar
_bancient Indian architecture and civil engineering , retrospects and prospects /
260 _aNew Delhi
_bD.K.Printworld
_c2004
270 _a'Sri Kunj', F-52, Bali Nagar
_bNew Delhi
_e110015
300 _axiv, 296p.
_c19cm(Hb)
490 _aRediscovering Indian literary classics
_vno. 12
500 _aIncludes bibliographical references and index
650 _aAstrology and architecture
_935365
650 _aHindu architecture
_9100682
942 _2ddc
_cEN
_h133.323
_mALT
999 _c132647
_d132647